ARRUPE JESUIT UNIVERSITY

CORONAVIRUS -STOP THE SPREAD - CLEAN,DISINFECT,COVER

The history of the Universities' Mission to Central Africa. (Record no. 121976)

MARC details
000 -LEADER
fixed length control field 00924nam a2200289 4500
001 - CONTROL NUMBER
control field 2185362
003 - CONTROL NUMBER IDENTIFIER
control field ARRUPE
005 - DATE AND TIME OF LATEST TRANSACTION
control field 20150217134059.0
008 - FIXED-LENGTH DATA ELEMENTS--GENERAL INFORMATION
fixed length control field 720112r19711936nyua 001 0 eng
010 ## - LIBRARY OF CONGRESS CONTROL NUMBER
LC control number 71169781
020 ## - INTERNATIONAL STANDARD BOOK NUMBER
International Standard Book Number 0836966015
040 ## - CATALOGING SOURCE
Original cataloging agency DLC
Transcribing agency DLC
Modifying agency DLC
043 ## - GEOGRAPHIC AREA CODE
Geographic area code fc-----
050 00 - LIBRARY OF CONGRESS CALL NUMBER
Classification number BV3520
Item number .W5 1971
082 00 - DEWEY DECIMAL CLASSIFICATION NUMBER
Classification number 266.3/67
300 ## - PHYSICAL DESCRIPTION
Other physical details illus.
Dimensions 23 cm.
100 1# - MAIN ENTRY--PERSONAL NAME
Personal name Wilson, George Herbert,
Dates associated with a name 1870-
9 (RLIN) 14919
245 14 - TITLE STATEMENT
Title The history of the Universities' Mission to Central Africa.
260 ## - PUBLICATION, DISTRIBUTION, ETC. (IMPRINT)
Place of publication, distribution, etc Freeport, N.Y.,
Name of publisher, distributor, etc Books for Libraries Press
Date of publication, distribution, etc [1971]
300 ## - PHYSICAL DESCRIPTION
Extent xvi, 278 p.
500 ## - GENERAL NOTE
General note Published originally in 1936
504 ## - BIBLIOGRAPHY, ETC. NOTE
Bibliography, etc Reprint of the 1936 ed.
610 20 - SUBJECT ADDED ENTRY--CORPORATE NAME
Corporate name or jurisdiction name as entry element Universities' Mission to Central Africa.
9 (RLIN) 9190
610 20 - SUBJECT ADDED ENTRY--CORPORATE NAME
Corporate name or jurisdiction name as entry element Church of England
General subdivision Missions.
9 (RLIN) 9191
650 #0 - SUBJECT ADDED ENTRY--TOPICAL TERM
Topical term or geographic name as entry element Missions
Geographic subdivision Africa, Central.
9 (RLIN) 14920
906 ## - LOCAL DATA ELEMENT F, LDF (RLIN)
a 7
b cbc
c orignew
d 2
e ncip
f 19
g y-gencatlg
942 ## - ADDED ENTRY ELEMENTS (KOHA)
Source of classification or shelving scheme Library of Congress Classification
Koha item type Monograph ( Printed materials)
Holdings
Withdrawn status Lost status Source of classification or shelving scheme Damaged status Not for loan Collection code Home library Current library Shelving location Date acquired Total Checkouts Full call number Barcode Date last seen Price effective from Koha item type
    Library of Congress Classification     Main Collection ARRUPE LIBRARY ARRUPE LIBRARY Main Collection 09/02/2015   BV3520 .W5 1971 46500001088 24/01/2017 09/02/2015 Monograph ( Printed materials)

 

Arrupe Library. PO Box MP320 Mt Pleasant, Harare, Zimbabwe
263 242 745411|librarian@aju.ac.zw